[Event "8MCR_4D_1L_2S"]
[Site "?"]
[Date "2008.??.??"]
[Round "?"]
[White "Paulik, Vaclav"]
[Black "Hostinsky, Jiri"]
[Result "0-1"]
[WhiteElo "2160"]
[BlackElo "2377"]
[PlyCount "124"]
[EventDate "2008.??.??"]
[EventType "corr"]

1. e4 c5 2. Nf3 Nc6 3. d4 cxd4 4. Nxd4 Nf6 5. Nc3 d6 6. Bg5 e6 7. Qd2 Be7 8.
O-O-O O-O 9. Nb3 Qb6 10. f3 a6 11. g4 Qc7 12. Be3 b5 13. Kb1 Nd7 14. f4 Nb6 15.
g5 b4 16. Bxb6 Qxb6 17. Na4 Qa7 18. h4 Bd7 19. h5 Rab8 20. c4 Be8 21. Rc1 a5
22. g6 fxg6 23. hxg6 Bxg6 24. Bd3 Rf6 25. Rcg1 Rbf8 26. Rg4 Nd8 27. Nc1 Qd4 28.
Ne2 Qxe4 29. Bxe4 Bxe4+ 30. Kc1 Bxh1 31. Nb6 R8f7 32. Nc8 Bf8 33. Rh4 Bc6 34.
Nxd6 Rd7 35. c5 Rf5 36. Qc2 Bxd6 37. cxd6 Nb7 38. Kd2 Nc5 39. Ng3 Rd5+ 40. Ke3
g6 41. Ne4 Nxe4 42. Qxe4 R7xd6 43. Qc2 Kg7 44. Rg4 Rd4 45. a3 Re4+ 46. Kf2 h5
47. Rg2 Rxf4+ 48. Ke1 Rf5 49. Rd2 Bb5 50. Qc7+ Rf7 51. Qxf7+ Kxf7 52. Rxd6 bxa3
53. bxa3 g5 54. Kf2 h4 55. Kf3 Bc4 56. Rd8 e5 57. Ke4 Kf6 58. Rh8 Bf7 59. Ke3
Bd5 60. Rd8 Ke6 61. Kf2 a4 62. Rf8 g4 0-1

[Event "8MCR_4D_1L_2S"]
[Site "?"]
[Date "2008.??.??"]
[Round "?"]
[White "Paulik, Vaclav"]
[Black "Krouzel, Jaroslav"]
[Result "0-1"]
[WhiteElo "2160"]
[BlackElo "2270"]
[PlyCount "110"]
[EventDate "2008.??.??"]
[EventType "corr"]

1. e4 e6 2. d4 d5 3. e5 c5 4. c3 Nc6 5. g3 Qb6 6. Ne2 Bd7 7. Bh3 h5 8. O-O h4
9. g4 O-O-O 10. a4 cxd4 11. cxd4 Kb8 12. Nbc3 Rc8 13. Qd3 Qb3 14. Rd1 Nge7 15.
Nb5 Qxd3 16. Rxd3 Nb4 17. Rf3 Nc2 18. Rb1 Nc6 19. Bg5 a6 20. Rc1 axb5 21. Rxc2
bxa4 22. Rxf7 Be8 23. Rf3 Bg6 24. Rc1 Bb4 25. Bf1 Na5 26. Rxc8+ Rxc8 27. Nf4
Be4 28. Rh3 Nc4 29. Bxc4 dxc4 30. Nxe6 c3 31. bxc3 Rxc3 32. Rxc3 Bxc3 33. Bc1
b5 34. Nc5 Bc6 35. e6 Kc8 36. Kf1 h3 37. d5 Bxd5 38. Ke2 Bb4 39. e7 Bf7 40. Be3
a3 41. Bd4 g5 42. Kd1 a2 43. e8=Q+ Bxe8 44. Ne4 Be7 45. Kc1 Bg6 46. Nd2 Bd6 47.
Nf3 Be4 48. Ng1 Bg2 49. Nxh3 Bxh3 50. Kb2 Bxg4 51. Kxa2 Bxh2 52. Kb2 Kd7 53.
Bf6 Bf4 54. Kc3 Ke6 55. Bd8 Kd5 0-1

[Event "8MCR_4D_1L_2S"]
[Site "?"]
[Date "2008.??.??"]
[Round "?"]
[White "Paulik, Vaclav"]
[Black "Leiner, Raimund"]
[Result "0-1"]
[WhiteElo "2160"]
[BlackElo "2335"]
[PlyCount "134"]
[EventDate "2008.??.??"]
[EventType "corr"]

1. e4 c5 2. Nf3 d6 3. d4 cxd4 4. Nxd4 Nf6 5. Nc3 a6 6. Be3 e5 7. Nb3 Be6 8. Qd2
Be7 9. f3 Nbd7 10. g4 h6 11. O-O-O b5 12. h4 Qc7 13. Kb1 Nb6 14. Bxb6 Qxb6 15.
Nd5 Nxd5 16. exd5 Bd7 17. Bd3 a5 18. Nc1 b4 19. Bf5 Bxf5 20. gxf5 a4 21. Rdg1
Bf6 22. Rg4 Rb8 23. Re1 h5 24. Rc4 O-O 25. Rc6 Qd8 26. Qe2 Rb6 27. Qe4 Rxc6 28.
dxc6 Qa5 29. Nd3 Rb8 30. Rd1 d5 31. Qe3 Rc8 32. Qe1 Rxc6 33. Nxb4 Rc5 34. a3
Qb5 35. Qe3 Kh7 36. Rc1 Kg8 37. Rd1 Kf8 38. Qf2 d4 39. Qe1 Qb7 40. Qe4 Rb5 41.
Ka2 Qxe4 42. fxe4 Bxh4 43. Rh1 Be7 44. Nd5 h4 45. b4 axb3+ 46. cxb3 Bd8 47. a4
Ra5 48. Ka3 g5 49. f6 d3 50. Kb4 Rxd5 51. exd5 e4 52. a5 Bxf6 53. Kc4 d2 54. b4
Ke7 55. b5 e3 56. Kd3 Bd4 57. Kc2 f5 58. b6 f4 59. Rb1 f3 60. b7 Ba7 61. Kd3 g4
62. d6+ Kxd6 63. b8=Q+ Bxb8 64. Kxe3 Kc6 65. Kxd2 Ba7 66. Kd3 h3 67. Ke4 h2 0-1

[Event "8MCR_4D_1L_2S"]
[Site "?"]
[Date "2008.??.??"]
[Round "?"]
[White "Paulik, Vaclav"]
[Black "Riha, Jan"]
[Result "1/2-1/2"]
[WhiteElo "2160"]
[BlackElo "2266"]
[PlyCount "67"]
[EventDate "2008.??.??"]
[EventType "corr"]

1. e4 e5 2. Nf3 Nf6 3. Nxe5 d6 4. Nf3 Nxe4 5. Nc3 Nxc3 6. dxc3 Be7 7. Bf4 O-O
8. Qd2 Nd7 9. O-O-O Nc5 10. Kb1 Re8 11. Bc4 Be6 12. Bxe6 Nxe6 13. Rhe1 Qd7 14.
Be3 a5 15. Qd5 Qc6 16. c4 a4 17. Nd4 Qxd5 18. cxd5 Nxd4 19. Bxd4 c5 20. dxc6
bxc6 21. c4 f6 22. Bc3 Kf7 23. Kc2 Bf8 24. Rxe8 Rxe8 25. Rd2 g6 26. b4 axb3+
27. axb3 c5 28. b4 cxb4 29. Bxb4 Re4 30. Kb3 Ke6 31. Ra2 Be7 32. Ra6 Re2 33.
Bc5 f5 34. Be3 1/2-1/2

[Event "8MCR_4D_1L_2S"]
[Site "?"]
[Date "2008.??.??"]
[Round "?"]
[White "Paulik, Vaclav"]
[Black "Struzka, Vlastimil"]
[Result "1-0"]
[WhiteElo "2160"]
[BlackElo "2117"]
[PlyCount "109"]
[EventDate "2008.??.??"]
[EventType "corr"]

1. e4 e5 2. Nf3 Nc6 3. Bb5 a6 4. Ba4 Nf6 5. O-O Be7 6. Re1 b5 7. Bb3 d6 8. c3
O-O 9. h3 Na5 10. Bc2 c5 11. d4 Qc7 12. Nbd2 cxd4 13. cxd4 Bb7 14. d5 Rac8 15.
Bd3 Nd7 16. Nf1 f5 17. exf5 Nc4 18. Ne3 Nxe3 19. fxe3 Bxd5 20. e4 Bb7 21. Be3
d5 22. exd5 Bxd5 23. Rc1 Qb7 24. Rxc8 Rxc8 25. Bc2 Nc5 26. Nxe5 a5 27. Bd4 Bf6
28. Re3 Ne4 29. a3 a4 30. h4 Nd6 31. Bc3 Ne4 32. Ng4 Bxc3 33. bxc3 Nxc3 34. Qe1
Qc7 35. f6 Bf7 36. Re7 Qc5+ 37. Kh1 Nd5 38. Bxh7+ Kxh7 39. Qe4+ Bg6 40. Rxg7+
Kh8 41. Rxg6 Qc1+ 42. Kh2 Qf4+ 43. Qxf4 Nxf4 44. Rh6+ Kg8 45. Ne5 Rf8 46. g4 b4
47. axb4 Rc8 48. h5 a3 49. f7+ Kg7 50. Ra6 a2 51. Rxa2 Ne6 52. Ra6 Nf8 53. g5
Rb8 54. Ra7 Kh7 55. h6 1-0

[Event "8MCR_4D_1L_2S"]
[Site "?"]
[Date "2008.??.??"]
[Round "?"]
[White "Pecka, Josef"]
[Black "Hostinsky, Jiri"]
[Result "0-1"]
[WhiteElo "2292"]
[BlackElo "2377"]
[PlyCount "110"]
[EventDate "2008.??.??"]
[EventType "corr"]

1. e4 c5 2. Nf3 Nc6 3. d4 cxd4 4. Nxd4 Nf6 5. Nc3 d6 6. Be3 Ng4 7. Bb5 Nxe3 8.
fxe3 Bd7 9. O-O e6 10. Bxc6 bxc6 11. e5 Be7 12. Qh5 O-O 13. exd6 Bxd6 14. Ne4
Be7 15. Rad1 Qb6 16. Ng5 Bxg5 17. Qxg5 f6 18. Qg4 Rf7 19. b3 e5 20. Nf5 Bxf5
21. Rxf5 Qxe3+ 22. Rf2 Qb6 23. Qc4 Rd8 24. Rxd8+ Qxd8 25. Qxc6 Qd1+ 26. Rf1
Qd4+ 27. Kh1 g6 28. a3 Kg7 29. b4 e4 30. Qe6 Rc7 31. Re1 f5 32. c4 Qxc4 33.
Qe5+ Kf7 34. Qh8 Qc3 35. Qxh7+ Kf6 36. Qh8+ Kg5 37. Qd8+ Kh6 38. Rf1 e3 39. h3
e2 40. Qh4+ Kg7 41. Re1 Qe3 42. Kh2 Re7 43. Qg3 Qd4 44. Qg5 Re3 45. a4 Re4 46.
Qg3 Qxb4 47. Qf2 Qe7 48. g3 a5 49. Qf3 Qe5 50. Kg2 Kh6 51. Qf2 Re3 52. Qf4+
Qxf4 53. gxf4 Kh5 54. Kf2 Re6 55. Kg3 Re4 0-1

[Event "8MCR_4D_1L_2S"]
[Site "?"]
[Date "2008.??.??"]
[Round "?"]
[White "Pecka, Josef"]
[Black "Kudr, Roman"]
[Result "1/2-1/2"]
[WhiteElo "2292"]
[BlackElo "2182"]
[PlyCount "71"]
[EventDate "2008.??.??"]
[EventType "corr"]

1. e4 c6 2. d4 d5 3. e5 Bf5 4. Ne2 e6 5. Ng3 Ne7 6. Nd2 Bg6 7. h4 h5 8. f4 Nd7
9. Nf3 Nf5 10. Nxf5 Bxf5 11. c3 Be7 12. Be2 Bg4 13. Ng5 Bxe2 14. Qxe2 Nf8 15.
Be3 f6 16. Nf3 f5 17. Ng5 Bxg5 18. fxg5 Ng6 19. Bf2 Qb6 20. a4 a5 21. O-O Qa6
22. Qc2 Kd7 23. Bg3 Ne7 24. Rfb1 g6 25. b3 Rhc8 26. Bf2 Rc7 27. c4 b6 28. Rd1
dxc4 29. bxc4 b5 30. Qa2 b4 31. Rd3 Nd5 32. Be1 Ke8 33. Rad1 Nb6 34. Rc1 Rd8
35. Rd2 Kf7 36. Bf2 1/2-1/2

[Event "8MCR_4D_1L_2S"]
[Site "?"]
[Date "2008.??.??"]
[Round "?"]
[White "Pecka, Josef"]
[Black "Leiner, Raimund"]
[Result "1/2-1/2"]
[WhiteElo "2292"]
[BlackElo "2335"]
[PlyCount "56"]
[EventDate "2008.??.??"]
[EventType "corr"]

1. e4 c5 2. Nf3 d6 3. d4 cxd4 4. Nxd4 Nf6 5. Nc3 a6 6. Bg5 e6 7. f4 Qb6 8. Qd2
Qxb2 9. Nb3 Qa3 10. Bxf6 gxf6 11. Be2 Nc6 12. O-O Bd7 13. Nb1 Qb4 14. Qe3 Ne7
15. c3 Qa4 16. f5 e5 17. c4 h5 18. Nc3 Bh6 19. Qd3 Qb4 20. Rab1 h4 21. Kh1 Bc6
22. Nd2 Qa5 23. Rf3 Rd8 24. Rh3 Bf4 25. Nb3 Qc7 26. Nd2 Qa5 27. Nb3 Qc7 28. Nd2
Qa5 1/2-1/2

[Event "8MCR_4D_1L_2S"]
[Site "?"]
[Date "2008.??.??"]
[Round "?"]
[White "Pecka, Josef"]
[Black "Mikoska, Josef"]
[Result "0-1"]
[WhiteElo "2292"]
[BlackElo "2211"]
[PlyCount "36"]
[EventDate "2008.??.??"]
[EventType "corr"]

1. e4 e5 2. Nf3 Nc6 3. Bc4 Nf6 4. Ng5 d5 5. exd5 Na5 6. Bb5+ c6 7. dxc6 bxc6 8.
Qf3 Rb8 9. Bd3 Bd6 10. Bf5 h6 11. Ne4 Nxe4 12. Qxe4 Rb4 13. Qe2 Bxf5 14. d3 O-O
15. a3 Rh4 16. g3 e4 17. d4 Bg4 18. Qa6 Qf6 0-1

[Event "8MCR_4D_1L_2S"]
[Site "?"]
[Date "2008.??.??"]
[Round "?"]
[White "Pecka, Josef"]
[Black "Paulik, Vaclav"]
[Result "0-1"]
[WhiteElo "2292"]
[BlackElo "2160"]
[PlyCount "80"]
[EventDate "2008.??.??"]
[EventType "corr"]

1. e4 e5 2. Nf3 Nc6 3. Bc4 Nf6 4. Ng5 d5 5. exd5 b5 6. Bf1 h6 7. Nxf7 Kxf7 8.
dxc6 Bc5 9. Be2 Rf8 10. d3 Kg8 11. O-O Bf5 12. a4 b4 13. Nd2 Be6 14. Bf3 Qd6
15. Nb3 Bxb3 16. cxb3 Rad8 17. Qc2 Nd5 18. Re1 Bd4 19. Be3 Rxf3 20. Bxd4 exd4
21. gxf3 Qg6+ 22. Kh1 Nf4 23. Rg1 Qxd3 24. Qxd3 Nxd3 25. h4 Kf7 26. Rab1 a5 27.
Kh2 Nc5 28. Rg4 d3 29. Rbg1 Ne6 30. Kg2 h5 31. Re4 d2 32. Rd1 Nc5 33. Re5 Nxb3
34. f4 Kf6 35. Kf3 g6 36. Ke2 Nc1+ 37. Ke3 Nb3 38. Rg5 Rd6 39. f5 gxf5 40.
Rxf5+ Kxf5 0-1

[Event "8MCR_4D_1L_2S"]
[Site "?"]
[Date "2008.??.??"]
[Round "?"]
[White "Pecka, Josef"]
[Black "Stika, Vaclav"]
[Result "1/2-1/2"]
[WhiteElo "2292"]
[BlackElo "2113"]
[PlyCount "113"]
[EventDate "2008.??.??"]
[EventType "corr"]

1. e4 e6 2. d4 d5 3. Nc3 Nf6 4. Bg5 dxe4 5. Nxe4 Be7 6. Bxf6 gxf6 7. Nf3 Rg8 8.
Qd3 f5 9. Nc3 a6 10. O-O-O b5 11. Ne5 Bb7 12. Be2 Nd7 13. Qh3 Bf6 14. Bf3 Bxf3
15. Nxf3 b4 16. Ne2 Qe7 17. Rhe1 O-O-O 18. Nf4 c5 19. d5 Nb6 20. dxe6 Bxb2+ 21.
Kb1 fxe6 22. Rd3 c4 23. Rxe6 Qc5 24. Qh6 Bg7 25. Rxd8+ Rxd8 26. Rc6+ Kb7 27.
Rxb6+ Qxb6 28. Qxg7+ Ka8 29. Ne2 b3 30. cxb3 cxb3 31. Qe5 Rd1+ 32. Kb2 bxa2+
33. Kxa2 Qb1+ 34. Ka3 Rd8 35. Nfd4 Qa1+ 36. Kb3 Qd1+ 37. Kc4 Rc8+ 38. Kd5 Qb1
39. Qe7 Qa2+ 40. Ke5 Qg8 41. Qf6 Re8+ 42. Ne6 Qxg2 43. Kd6 Rc8 44. Nc7+ Kb7 45.
Qb2+ Ka7 46. Qd4+ Kb7 47. Qb4+ Ka7 48. Qc5+ Kb7 49. Ng3 f4 50. Qb4+ Ka7 51. Ne4
Qg6+ 52. Kd7 Rb8 53. Qd4+ Qb6 54. Qe5 Rb7 55. f3 h6 56. h4 Qg6 57. Qd4+ 1/2-1/2

[Event "8MCR_4D_1L_2S"]
[Site "?"]
[Date "2008.??.??"]
[Round "?"]
[White "Pecka, Josef"]
[Black "Toman, Antonin"]
[Result "1-0"]
[WhiteElo "2292"]
[BlackElo "2225"]
[PlyCount "67"]
[EventDate "2008.??.??"]
[EventType "corr"]

1. e4 e5 2. Nf3 Nc6 3. Bc4 Nf6 4. Ng5 d5 5. exd5 Na5 6. Bb5+ c6 7. dxc6 bxc6 8.
Qf3 h6 9. Ne4 Nd5 10. Be2 Be7 11. O-O O-O 12. d3 f5 13. Nec3 Be6 14. Qg3 f4 15.
Qf3 Rb8 16. b3 c5 17. Ne4 Nc6 18. c3 Kh7 19. Bb2 Qc7 20. Re1 Rbd8 21. Nbd2 Nf6
22. Rad1 g6 23. Nxf6+ Rxf6 24. Ne4 Rff8 25. Bf1 Kg7 26. Qe2 Qa5 27. Ra1 Qa6 28.
Qc2 Qb6 29. Be2 Rd7 30. Rad1 Bf5 31. Bf3 Rfd8 32. Rd2 Be6 33. Bc1 Qb5 34. Red1
{PCL} 1-0

[Event "8MCR_4D_1L_2S"]
[Site "?"]
[Date "2008.??.??"]
[Round "?"]
[White "Riha, Jan"]
[Black "Binas, Jindrich"]
[Result "1/2-1/2"]
[WhiteElo "2266"]
[BlackElo "2094"]
[PlyCount "120"]
[EventDate "2008.??.??"]
[EventType "corr"]

1. e4 c5 2. Nf3 Nc6 3. Bb5 d6 4. O-O Bd7 5. Re1 Nf6 6. c3 a6 7. Bf1 Bg4 8. d3
e6 9. Nbd2 Be7 10. h3 Bh5 11. g4 Bg6 12. Nh4 Nd7 13. Ng2 h6 14. f4 Bh7 15. Nf3
O-O 16. Qe2 Kh8 17. Qf2 Qc7 18. Bd2 Rae8 19. Ne3 b5 20. b3 Nb6 21. Bg2 d5 22.
exd5 exd5 23. d4 Be4 24. Ne5 Bxg2 25. Kxg2 cxd4 26. cxd4 Nxd4 27. Rac1 Qb7 28.
Nf1 Ne6 29. Nxf7+ Rxf7 30. Rxe6 d4+ 31. Kg1 Rf6 32. Rce1 Nd5 33. Qxd4 Rc8 34.
Rxf6 Bxf6 35. Qe4 Rd8 36. Re2 Qc7 37. g5 hxg5 38. fxg5 Bc3 39. Qf3 g6 40. Bxc3+
Qxc3 41. Qxc3+ Nxc3 42. Re6 Kg7 43. Rxa6 Rd5 44. Ra7+ Kf8 45. Ne3 Rxg5+ 46. Kf2
b4 47. Kf3 Rh5 48. Kg4 Re5 49. Nc4 Re2 50. Rb7 Nxa2 51. Kg5 Nc1 52. Rxb4 Nd3
53. Rb6 Ke7 54. Kg4 Ne5+ 55. Nxe5 Rxe5 56. h4 Re3 57. Rb4 Kd6 58. Kg5 Rg3+ 59.
Rg4 Rxb3 60. Kxg6 Re3 1/2-1/2

[Event "8MCR_4D_1L_2S"]
[Site "?"]
[Date "2008.??.??"]
[Round "?"]
[White "Riha, Jan"]
[Black "Glaser, Karel"]
[Result "1-0"]
[WhiteElo "2266"]
[BlackElo "2161"]
[PlyCount "87"]
[EventDate "2008.??.??"]
[EventType "corr"]

1. e4 e5 2. Nf3 Nc6 3. Bb5 a6 4. Ba4 Nf6 5. O-O Be7 6. Re1 b5 7. Bb3 O-O 8. c3
d6 9. h3 Na5 10. Bc2 c5 11. d4 Qc7 12. Nbd2 cxd4 13. cxd4 Nc6 14. Nb3 a5 15.
Be3 a4 16. Nbd2 Bd7 17. Rc1 Qb7 18. a3 Rfe8 19. Bd3 b4 20. d5 Na5 21. Qe2 Rec8
22. Rxc8+ Bxc8 23. Bb5 Bd7 24. Bxd7 Nxd7 25. Qd3 Bd8 26. Rc1 Rb8 27. axb4 Qxb4
28. Qa6 h6 29. Ne1 Qxb2 30. Rb1 Qc3 31. Rxb8 Nxb8 32. Qxd6 a3 33. Qxd8+ Kh7 34.
Qf8 Nd7 35. Qxf7 a2 36. Bxh6 Kxh6 37. g4 Kh7 38. Nef3 a1=Q+ 39. Kg2 Qxd2 40.
Nxd2 Qa4 41. Qh5+ Kg8 42. Qe8+ Kh7 43. Nf3 Qxe4 44. Qxd7 1-0

[Event "8MCR_4D_1L_2S"]
[Site "?"]
[Date "2008.??.??"]
[Round "?"]
[White "Riha, Jan"]
[Black "Klimecky, Tomas"]
[Result "1-0"]
[WhiteElo "2266"]
[BlackElo "1744"]
[PlyCount "51"]
[EventDate "2008.??.??"]
[EventType "corr"]

1. e4 d5 2. exd5 Nf6 3. Nf3 Nxd5 4. d4 Bg4 5. h3 Bh5 6. c4 Nb6 7. Nc3 e6 8. g4
Bg6 9. Ne5 N8d7 10. Nxg6 hxg6 11. c5 Nd5 12. Nxd5 exd5 13. Qb3 Qe7+ 14. Be3
O-O-O 15. O-O-O Nb8 16. Re1 Qd7 17. Bg5 f6 18. Bd2 a6 19. Bg2 Nc6 20. Qd3 g5
21. Re2 g6 22. Rhe1 Qf7 23. b4 Bg7 24. a4 f5 25. b5 axb5 26. axb5 1-0

[Event "8MCR_4D_1L_2S"]
[Site "?"]
[Date "2008.??.??"]
[Round "?"]
[White "Riha, Jan"]
[Black "Kuta, Miroslav"]
[Result "1/2-1/2"]
[WhiteElo "2266"]
[BlackElo "2286"]
[PlyCount "65"]
[EventDate "2008.??.??"]
[EventType "corr"]

1. e4 c6 2. d4 d5 3. e5 Bf5 4. Nc3 e6 5. g4 Bg6 6. Nge2 Ne7 7. Nf4 c5 8. dxc5
Nec6 9. h4 Qc7 10. Bg2 Qxe5+ 11. Nce2 Na6 12. h5 Be4 13. f3 O-O-O 14. Bd2 Bxc5
15. Qc1 g5 16. Nh3 h6 17. fxe4 f5 18. gxf5 exf5 19. Nf2 dxe4 20. Bc3 Bd4 21.
Nxd4 Nxd4 22. Bxd4 Qxd4 23. O-O Rhe8 24. Rd1 Qc5 25. Rxd8+ Rxd8 26. Qe1 Nc7 27.
b4 Qxc2 28. Nd1 Rd2 29. Ne3 Qd3 30. Bf1 Qd6 31. Bg2 Qd3 32. Bf1 Qd6 33. Bg2
1/2-1/2

[Event "8MCR_4D_1L_2S"]
[Site "?"]
[Date "2008.??.??"]
[Round "?"]
[White "Riha, Jan"]
[Black "Pecka, Josef"]
[Result "1/2-1/2"]
[WhiteElo "2266"]
[BlackElo "2292"]
[PlyCount "123"]
[EventDate "2008.??.??"]
[EventType "corr"]

1. e4 e6 2. d4 d5 3. Nd2 Nf6 4. e5 Nfd7 5. c3 c5 6. Bd3 Nc6 7. Ne2 cxd4 8. cxd4
f6 9. exf6 Nxf6 10. Nf3 Bd6 11. O-O O-O 12. Bf4 Bxf4 13. Nxf4 Ne4 14. g3 Qf6
15. h4 h6 16. Bxe4 dxe4 17. Ne5 Rd8 18. Nxc6 bxc6 19. Qc2 Rb8 20. Rfd1 g5 21.
Ng2 Ba6 22. hxg5 hxg5 23. Rd2 Bd3 24. Qxc6 Rbc8 25. Qb7 Qf7 26. Qxf7+ Kxf7 27.
Ne3 Rxd4 28. Kg2 Kg6 29. b3 Rdd8 30. Rad1 Rc5 31. Rc2 Rxc2 32. Nxc2 Rc8 33. Ne1
Bb5 34. Rd2 Kf6 35. Nc2 Ke5 36. Ne3 Bd3 37. Kh3 Rc1 38. Kg4 Kf6 39. Kh3 Rh1+
40. Kg2 Re1 41. Nc2 Rc1 42. Ne3 Ke5 43. Kh3 Re1 44. Kg4 Kf6 45. Kh3 a6 46. Nc2
Rh1+ 47. Kg2 Rc1 48. Ne3 Ke5 49. Kh3 Re1 50. Nc2 Rh1+ 51. Kg4 Kf6 52. Ne3 Re1
53. Kh3 Be2 54. Kh2 Bf3 55. g4 Re2 56. Nc4 Bxg4 57. Kg3 Bf3 58. Rxe2 Bxe2 59.
Nd6 Ke5 60. Nf7+ Kd4 61. Nxg5 e5 62. Ne6+ 1/2-1/2

[Event "8MCR_4D_1L_2S"]
[Site "?"]
[Date "2008.??.??"]
[Round "?"]
[White "Riha, Jan"]
[Black "Struzka, Vlastimil"]
[Result "1/2-1/2"]
[WhiteElo "2266"]
[BlackElo "2117"]
[PlyCount "91"]
[EventDate "2008.??.??"]
[EventType "corr"]

1. e4 e5 2. Nf3 Nc6 3. Bb5 a6 4. Ba4 Nf6 5. O-O Be7 6. Re1 b5 7. Bb3 O-O 8. c3
d6 9. h3 Na5 10. Bc2 c5 11. d4 Qc7 12. Nbd2 cxd4 13. cxd4 Bb7 14. d5 Rac8 15.
Bd3 Nd7 16. Nf1 f5 17. Ng3 f4 18. Nf5 Bd8 19. Bd2 Nc4 20. Rc1 Nc5 21. Bxc4 bxc4
22. Rxc4 Qb8 23. Bb4 Nxe4 24. Rexe4 Rxc4 25. Bxd6 Qc8 26. Rxc4 Qxc4 27. Bxf8
Kxf8 28. Nxe5 Qxd5 29. Qxd5 Bxd5 30. b3 Bf6 31. Nd7+ Kf7 32. Nd6+ Ke6 33. Nxf6
Kxf6 34. Ne8+ Ke5 35. Nc7 Bb7 36. b4 g5 37. b5 axb5 38. Nxb5 Bc6 39. a4 Kd5 40.
f3 h6 41. Kf2 Kc5 42. Nc3 Kb4 43. Ne4 Bxa4 44. Nd6 Bb3 45. Nf5 h5 46. h4
1/2-1/2

[Event "8MCR_4D_1L_2S"]
[Site "?"]
[Date "2008.??.??"]
[Round "?"]
[White "Riha, Jan"]
[Black "Toman, Antonin"]
[Result "1/2-1/2"]
[WhiteElo "2266"]
[BlackElo "2225"]
[PlyCount "51"]
[EventDate "2008.??.??"]
[EventType "corr"]

1. e4 e5 2. Nf3 Nc6 3. Bb5 a6 4. Ba4 Nf6 5. O-O Be7 6. Re1 b5 7. Bb3 O-O 8. a4
Bb7 9. d3 d6 10. Nbd2 Qd7 11. c3 Rfe8 12. Nf1 h6 13. Ng3 Bf8 14. h3 Na5 15. Bc2
c5 16. d4 exd4 17. cxd4 g6 18. d5 Qc7 19. Bd2 b4 20. b3 Bg7 21. Rb1 Nd7 22. Bd3
Rac8 23. Nf1 Re7 24. Ne3 Nf6 25. Qc2 Rce8 26. Ng4 1/2-1/2

[Event "8MCR_4D_1L_2S"]
[Site "?"]
[Date "2008.??.??"]
[Round "?"]
[White "Stika, Vaclav"]
[Black "Binas, Jindrich"]
[Result "1/2-1/2"]
[WhiteElo "2113"]
[BlackElo "2094"]
[PlyCount "52"]
[EventDate "2008.??.??"]
[EventType "corr"]

1. d4 Nf6 2. c4 e6 3. Nf3 b6 4. a3 Bb7 5. Nc3 g6 6. Qc2 Bxf3 7. exf3 Bg7 8. Bg5
O-O 9. O-O-O d5 10. Bd3 Nc6 11. cxd5 Nxd4 12. Qa4 e5 13. f4 Qd7 14. Qxd7 Nxd7
15. fxe5 Nxe5 16. Rhe1 h6 17. Bf4 Nxd3+ 18. Rxd3 c5 19. Rh3 h5 20. Bc7 Rac8 21.
d6 Bf6 22. Nd5 Bd8 23. Re7 Kg7 24. Rd7 Bg5+ 25. Kd1 Rce8 26. f4 Bf6 1/2-1/2

[Event "8MCR_4D_1L_2S"]
[Site "?"]
[Date "2008.??.??"]
[Round "?"]
[White "Stika, Vaclav"]
[Black "Glaser, Karel"]
[Result "1/2-1/2"]
[WhiteElo "2113"]
[BlackElo "2161"]
[PlyCount "59"]
[EventDate "2008.??.??"]
[EventType "corr"]

1. e4 e5 2. Nf3 Nc6 3. Bb5 a6 4. Ba4 Nf6 5. O-O Be7 6. Re1 b5 7. Bb3 O-O 8. c3
d6 9. h3 Na5 10. Bc2 c5 11. d4 Qc7 12. Nbd2 cxd4 13. cxd4 Nc6 14. Nb3 a5 15.
Be3 a4 16. Nbd2 Bd7 17. Rc1 Rac8 18. Qe2 Qb8 19. Bd3 Nb4 20. Bb1 Rc6 21. Nf1
Rfc8 22. Ng3 Bd8 23. d5 Rc4 24. b3 Rxc1 25. Rxc1 Rxc1+ 26. Bxc1 axb3 27. axb3
Qa7 28. Qe1 Qa1 29. Bd2 Na6 30. Bc2 1/2-1/2

[Event "8MCR_4D_1L_2S"]
[Site "?"]
[Date "2008.??.??"]
[Round "?"]
[White "Stika, Vaclav"]
[Black "Hostinsky, Jiri"]
[Result "0-1"]
[WhiteElo "2113"]
[BlackElo "2377"]
[PlyCount "86"]
[EventDate "2008.??.??"]
[EventType "corr"]

1. e4 c5 2. Nf3 Nc6 3. Nc3 Nf6 4. Bb5 Qc7 5. O-O Nd4 6. Bc4 d6 7. d3 a6 8. Nxd4
cxd4 9. Nd5 Nxd5 10. exd5 g6 11. Re1 h6 12. Qe2 Bg7 13. Bd2 Bf6 14. a4 b6 15.
c3 Kf8 16. cxd4 Kg7 17. b4 Bd7 18. Rac1 Bxa4 19. Bb5 Qxc1 20. Rxc1 Bxb5 21. Be3
a5 22. bxa5 bxa5 23. Qd2 a4 24. h3 Bd7 25. Kh2 h5 26. Rc7 Bf5 27. Rc3 Rhb8 28.
Qa2 Ra7 29. Kg3 Bd7 30. Kf3 h4 31. Kf4 Rb6 32. g4 hxg3 33. fxg3 Rab7 34. g4 Rb2
35. Qa1 Rb1 36. Qa3 R7b3 37. Rxb3 axb3 38. Bc1 Bxd4 39. Ke4 Bc3 40. Bf4 f5+ 41.
Kf3 fxg4+ 42. hxg4 Kf7 43. Bh6 g5 0-1

[Event "8MCR_4D_1L_2S"]
[Site "?"]
[Date "2008.??.??"]
[Round "?"]
[White "Stika, Vaclav"]
[Black "Krouzel, Jaroslav"]
[Result "1/2-1/2"]
[WhiteElo "2113"]
[BlackElo "2270"]
[PlyCount "57"]
[EventDate "2008.??.??"]
[EventType "corr"]

1. d4 d5 2. c4 e6 3. Nc3 c6 4. e4 dxe4 5. Nxe4 Bb4+ 6. Bd2 Qxd4 7. Bxb4 Qxe4+
8. Be2 Na6 9. Bd6 b6 10. Nf3 Bb7 11. O-O O-O-O 12. Ne5 Qf5 13. Bg4 Qf6 14. Bf3
Ne7 15. Bxe7 Qxe7 16. Qa4 Qc7 17. Nxc6 Bxc6 18. Qxa6+ Qb7 19. Qxb7+ Kxb7 20.
Rfd1 Bxf3 21. gxf3 Kc6 22. f4 Kc5 23. Kf1 a5 24. b3 Kb4 25. Ke2 g6 26. Ke3 Rhe8
27. Rdb1 Ka3 28. Rc1 Rc8 29. Rc2 1/2-1/2

[Event "8MCR_4D_1L_2S"]
[Site "?"]
[Date "2008.??.??"]
[Round "?"]
[White "Stika, Vaclav"]
[Black "Leiner, Raimund"]
[Result "0-1"]
[WhiteElo "2113"]
[BlackElo "2335"]
[PlyCount "70"]
[EventDate "2008.??.??"]
[EventType "corr"]

1. e4 c5 2. Nf3 d6 3. d4 cxd4 4. Nxd4 Nf6 5. Nc3 a6 6. Bg5 e6 7. f4 Qb6 8. Nb3
Be7 9. e5 Qe3+ 10. Qe2 Qxe2+ 11. Bxe2 dxe5 12. fxe5 Nfd7 13. Bxe7 Kxe7 14. O-O
Nxe5 15. a4 b6 16. a5 b5 17. Rae1 Nbd7 18. Bh5 g6 19. Be2 Rd8 20. Rf4 Bb7 21.
Rh4 h5 22. Nd4 Rac8 23. Ncxb5 axb5 24. Bxb5 g5 25. Rxh5 Nf6 26. Rxg5 Rxd4 27.
a6 Bd5 28. Rgxe5 Rxc2 29. Bf1 Rxb2 30. Ra1 Bxg2 31. Re2 Rxe2 32. Bxe2 Ba8 33.
a7 Nd5 34. Bf3 f5 35. Ra5 e5 0-1

[Event "8MCR_4D_1L_2S"]
[Site "?"]
[Date "2008.??.??"]
[Round "?"]
[White "Stika, Vaclav"]
[Black "Paulik, Vaclav"]
[Result "0-1"]
[WhiteElo "2113"]
[BlackElo "2160"]
[PlyCount "94"]
[EventDate "2008.??.??"]
[EventType "corr"]

1. e4 e5 2. Nf3 Nc6 3. Bb5 a6 4. Ba4 Nf6 5. O-O Nxe4 6. d4 b5 7. Bb3 d5 8. c3
exd4 9. cxd4 Be7 10. Nc3 Nxc3 11. bxc3 O-O 12. Qd3 g6 13. Bh6 Re8 14. Rfe1 Bf5
15. Qe3 a5 16. Ne5 Nxe5 17. Qxe5 Bf8 18. Qxe8 Qxe8 19. Rxe8 Rxe8 20. Bxf8 Kxf8
21. Bxd5 Re2 22. g4 Bd7 23. a4 bxa4 24. Kg2 Rd2 25. Bc4 Rc2 26. Ra3 Bxg4 27.
Bb5 Be6 28. Bxa4 Bd5+ 29. Kg3 Rd2 30. Bb5 c6 31. Bf1 Ra2 32. Rxa2 Bxa2 33. Kf4
a4 34. Ke3 a3 35. Kd2 Bb3 36. Kc1 Ke7 37. Kb1 g5 38. Be2 Kd6 39. Bf3 c5 40. Bh5
cxd4 41. cxd4 Kc6 42. Bf3+ Kb5 43. Be4 h6 44. Ka1 Kc4 45. d5 Kc5 46. d6 Kxd6
47. Kb1 Ke5 0-1

[Event "8MCR_4D_1L_2S"]
[Site "?"]
[Date "2008.??.??"]
[Round "?"]
[White "Stika, Vaclav"]
[Black "Riha, Jan"]
[Result "1/2-1/2"]
[WhiteElo "2113"]
[BlackElo "2266"]
[PlyCount "58"]
[EventDate "2008.??.??"]
[EventType "corr"]

1. d4 Nf6 2. c4 e6 3. Nc3 Bb4 4. e3 c5 5. Bd3 Nc6 6. Nf3 Bxc3+ 7. bxc3 d6 8.
O-O e5 9. Nd2 O-O 10. Rb1 b6 11. h3 Bb7 12. d5 Ne7 13. f4 exf4 14. exf4 Ng6 15.
Nf3 Re8 16. f5 Nf8 17. Bf4 h6 18. Re1 Qd7 19. Qc2 N8h7 20. a3 Rxe1+ 21. Rxe1
Re8 22. Qd2 Rxe1+ 23. Qxe1 Ne8 24. Nh2 Kf8 25. Ng4 Qe7 26. Qxe7+ Kxe7 27. Bg3
Nf8 28. Kf2 Nd7 29. Ke1 Ba6 1/2-1/2

[Event "8MCR_4D_1L_2S"]
[Site "?"]
[Date "2008.??.??"]
[Round "?"]
[White "Struzka, Vlastimil"]
[Black "Klimecky, Tomas"]
[Result "1-0"]
[WhiteElo "2117"]
[BlackElo "1744"]
[PlyCount "21"]
[EventDate "2008.??.??"]
[EventType "corr"]

1. d4 c6 2. e4 d5 3. e5 c5 4. Nf3 Bg4 5. Bb5+ Nc6 6. dxc5 e6 7. b4 Nge7 8. Nbd2
Qc7 9. Bb2 Ng6 10. c4 Be7 11. O-O 1-0